Применение пространственных методов улучшения изображений на видеопоследовательностях; Известия Томского политехнического университета [Известия ТПУ]; Т. 322, № 5 : Управление, вычислительная техника и информатика
| Parent link: | Известия Томского политехнического университета [Известия ТПУ]/ Томский политехнический университет (ТПУ).— , 2000- Т. 322, № 5 : Управление, вычислительная техника и информатика.— 2013.— [С. 126-130] |
|---|---|
| Autor principal: | |
| Otros Autores: | |
| Sumario: | Заглавие с титульного листа Электронная версия печатной публикации Исследована применимость методов обработки изображений на основе модели Illuminance-Reflectance и выравнивания гистограмм для обработки видеоданных. Произведена модификация указанных методов для применения в режиме реального времени. Применение указанных методов позволяет значительно улучшить такие показатели кадров в видеопоследовательности, как количество и интенсивность краевых пикселей и уровень адаптации к зрению человека по яркости. |
| Lenguaje: | ruso |
| Publicado: |
2013
|
| Colección: | Интеллектуальные системы |
| Materias: | |
| Acceso en línea: | http://earchive.tpu.ru/bitstream/11683/4817/1/bulletin_tpu-2013-322-5-26.pdf |
| Formato: | Electrónico Capítulo de libro |
| KOHA link: | https://koha.lib.tpu.ru/cgi-bin/koha/opac-detail.pl?biblionumber=240461 |
MARC
| LEADER | 00000nla2a2200000 4500 | ||
|---|---|---|---|
| 001 | 240461 | ||
| 005 | 20240209094930.0 | ||
| 035 | |a (RuTPU)RU\TPU\book\261718 | ||
| 035 | |a RU\TPU\book\261716 | ||
| 090 | |a 240461 | ||
| 100 | |a 20130621d2013 k y0rusy50 ca | ||
| 101 | 0 | |a rus | |
| 102 | |a RU | ||
| 135 | |a drnn ---uucaa | ||
| 181 | 0 | |a i | |
| 182 | 0 | |a b | |
| 200 | 1 | |a Применение пространственных методов улучшения изображений на видеопоследовательностях |f А. А. Белоусов, В. Г. Спицын | |
| 203 | |a Текст |c электронный | ||
| 215 | |a 1 файл (172 Кб) | ||
| 225 | 1 | |a Интеллектуальные системы | |
| 300 | |a Заглавие с титульного листа | ||
| 300 | |a Электронная версия печатной публикации | ||
| 320 | |a [Библиогр.: с. 130 (6 назв.)] | ||
| 330 | |a Исследована применимость методов обработки изображений на основе модели Illuminance-Reflectance и выравнивания гистограмм для обработки видеоданных. Произведена модификация указанных методов для применения в режиме реального времени. Применение указанных методов позволяет значительно улучшить такие показатели кадров в видеопоследовательности, как количество и интенсивность краевых пикселей и уровень адаптации к зрению человека по яркости. | ||
| 337 | |a Adobe Reader | ||
| 461 | 1 | |0 (RuTPU)RU\TPU\book\176237 |t Известия Томского политехнического университета [Известия ТПУ] |f Томский политехнический университет (ТПУ) |d 2000- | |
| 463 | 1 | |0 (RuTPU)RU\TPU\book\261554 |x 1684-8519 |t Т. 322, № 5 : Управление, вычислительная техника и информатика |v [С. 126-130] |d 2013 |p 227 с. | |
| 610 | 1 | |a видеопоследовательности | |
| 610 | 1 | |a изображения | |
| 610 | 1 | |a пространственные методы | |
| 610 | 1 | |a улучшение | |
| 610 | 1 | |a гистограммы | |
| 610 | 1 | |a выравнивание | |
| 610 | 1 | |a труды учёных ТПУ | |
| 610 | 1 | |a электронный ресурс | |
| 700 | 1 | |a Белоусов |b А. А. |c специалист в области информатики и вычислительной техники |c доцент Томского политехнического университета, кандидат технических наук |f 1984- |g Артем Анатольевич |3 (RuTPU)RU\TPU\pers\31040 | |
| 701 | 1 | |a Спицын |b В. Г. |c специалист в области информатики и вычислительной техники |c профессор Томского политехнического университета, доктор технических наук |f 1948- |g Владимир Григорьевич |3 (RuTPU)RU\TPU\pers\22707 |9 9740 | |
| 801 | 1 | |a RU |b 63413507 |c 20090623 |g PSBO | |
| 801 | 2 | |a RU |b 63413507 |c 20220204 |g PSBO | |
| 856 | 4 | |u http://earchive.tpu.ru/bitstream/11683/4817/1/bulletin_tpu-2013-322-5-26.pdf | |
| 942 | |c CF | ||